00443 2200181 4500001002100000005001500021008004100036020002200077035001900099041000700118082001000125090001600135100001700151245001800168260003700186300001800223650002000241INLIS00000000001541320241224114929241224||||||||| | ||| |||| || |  a978-979-752-672-6 0010-1224015413 aid0 a612.8 a612.8 REN m0 aRenny Yuniar00aMulutku Sehat aBandungbMizan Media Utamac2008 a33hlm;20x20cm 0aIlmu Kedokteran